[Event "European School Championships"]
[Site "Rhodes, Greece"]
[Date "2022.04.23"]
[Round "3.4"]
[White "Celik, Ali Alper"]
[Black "Bryant, Harry"]
[Result "1-0"]
[WhiteElo "1534"]
[BlackElo "1425"]
[PlyCount "126"]
[EventDate "2022.04.21"]
[EventRounds "9"]

1. d4 {[%emt 0:00:02]} Nf6 {[%emt 0:00:05]} 2. c4 {[%emt 0:00:07]} g6 {[%emt 0:
00:04]} 3. Nc3 {[%emt 0:00:07]} Bg7 {[%emt 0:00:06]} 4. e4 {[%emt 0:00:04]} d6
{[%emt 0:00:09]} 5. f3 {[%emt 0:00:08]} O-O {[%emt 0:00:14]} 6. Be3 {[%emt 0:
00:06]} e5 {[%emt 0:00:15]} 7. d5 {[%emt 0:00:08]} Nh5 {[%emt 0:00:49]} 8. Qd2
{[%emt 0:02:08]} f5 {[%emt 0:00:31]} 9. exf5 {[%emt 0:01:03]} gxf5 {[%emt 0:01:
39]} 10. Bd3 {[%emt 0:00:32]} f4 {[%emt 0:01:12]} 11. Bf2 {[%emt 0:00:44]} Bf5
{[%emt 0:19:52]} 12. O-O-O {[%emt 0:07:53]} Bxd3 {[%emt 0:01:18]} 13. Qxd3 {
[%emt 0:00:05]} Qg5 {[%emt 0:00:14]} 14. Qf1 {[%emt 0:07:55]} Nf6 {[%emt 0:04:
14]} 15. Nh3 {[%emt 0:12:00]} Qh6 {[%emt 0:02:33]} 16. Qd3 {[%emt 0:04:30]} b6
{[%emt 0:08:01]} 17. Rhe1 {[%emt 0:03:03]} Na6 {[%emt 0:03:49]} 18. a3 {
[%emt 0:08:23]} Nc5 {[%emt 0:00:44]} 19. Bxc5 {[%emt 0:00:53]} bxc5 {[%emt 0:
00:11]} 20. Ne4 {[%emt 0:01:16]} Rab8 {[%emt 0:01:12]} 21. Re2 {[%emt 0:12:42]}
Nxe4 {[%emt 0:00:40]} 22. Qxe4 {[%emt 0:00:19]} Rb3 {[%emt 0:01:02]} 23. Rdd2 {
[%emt 0:08:41]} Bf6 {[%emt 0:01:21]} 24. Rc2 {[%emt 0:02:01]} Qg6 {[%emt 0:01:
15]} 25. Qxg6+ {[%emt 0:09:34]} hxg6 {[%emt 0:00:13]} 26. Nf2 {[%emt 0:00:09]}
Kg7 {[%emt 0:01:12]} 27. Ne4 {[%emt 0:00:12]} Rh8 {[%emt 0:00:20]} 28. h3 {
[%emt 0:00:34]} a5 {[%emt 0:00:15]} 29. Rc3 {[%emt 0:03:07]} Rb6 {[%emt 0:01:
21]} 30. Rd3 {[%emt 0:00:40]} Rhb8 {[%emt 0:00:36]} 31. Rc3 {[%emt 0:04:24]}
Kf7 {[%emt 0:02:09]} 32. Rd3 {[%emt 0:00:45]} Ke7 {[%emt 0:00:09]} 33. Rc3 {
[%emt 0:00:04]} c6 {[%emt 0:01:13]} 34. dxc6 {[%emt 0:00:57]} Rxc6 {[%emt 0:00:
21]} 35. Rd3 {[%emt 0:00:07]} Ke6 {[%emt 0:00:27]} 36. Nc3 {[%emt 0:01:16]} Rb3
{[%emt 0:00:36]} 37. Kc2 {[%emt 0:00:42]} Rcb6 {[%emt 0:00:17]} 38. Nb5 {
[%emt 0:00:45]} Rxd3 {[%emt 0:01:28]} 39. Kxd3 {[%emt 0:00:04]} Kf5 {[%emt 0:
01:04]} 40. a4 {[%emt 0:01:18]} Rb8 {[%emt 0:01:02]} 41. Nxd6+ {[%emt 0:01:37]}
Ke6 {[%emt 0:00:19]} 42. Ne4 {[%emt 0:00:08]} Rb3+ {[%emt 0:00:23]} 43. Kc2 {
[%emt 0:00:18]} Rb4 {[%emt 0:00:24]} 44. Nxc5+ {[%emt 0:00:14]} Kd6 {[%emt 0:
00:41]} 45. Ne4+ {[%emt 0:00:11]} Ke6 {[%emt 0:00:04]} 46. b3 {[%emt 0:00:22]}
Be7 {[%emt 0:00:17]} 47. Rd2 {[%emt 0:00:18]} Rb7 {[%emt 0:00:26]} 48. Rd5 {
[%emt 0:00:36]} Ra7 {[%emt 0:00:10]} 49. Nc5+ {[%emt 0:00:48]} Kf5 {[%emt 0:00:
18]} 50. Nd7 {[%emt 0:01:01]} Bf6 {[%emt 0:00:46]} 51. Nxf6 {[%emt 0:00:11]}
Kxf6 {[%emt 0:00:06]} 52. Kc3 {[%emt 0:00:11]} Kg5 {[%emt 0:00:14]} 53. Rd6 {
[%emt 0:00:12]} Rg7 {[%emt 0:00:14]} 54. Rd5 {[%emt 0:00:20]} Re7 {[%emt 0:00:
12]} 55. Rxa5 {[%emt 0:00:13]} Kh4 {[%emt 0:00:05]} 56. Rd5 {[%emt 0:00:27]}
Kg3 {[%emt 0:00:05]} 57. Rd2 {[%emt 0:00:06]} e4 {[%emt 0:00:15]} 58. fxe4 {
[%emt 0:00:07]} Rxe4 {[%emt 0:00:03]} 59. a5 {[%emt 0:00:05]} Re1 {[%emt 0:00:
30]} 60. Ra2 {[%emt 0:00:18]} Re3+ {[%emt 0:00:09]} 61. Kb4 {[%emt 0:00:19]}
Re8 {[%emt 0:00:54]} 62. a6 {[%emt 0:00:07]} Rb8+ {[%emt 0:00:19]} 63. Kc5 {
[%emt 0:00:11]} Ra8 {[%emt 0:02:05]} 1-0

[Event "European School Championships"]
[Site "Rhodes, Greece"]
[Date "2022.04.23"]
[Round "3.5"]
[White "Steiners, Emils"]
[Black "Rynkjob, Bastian"]
[Result "1-0"]
[WhiteElo "1731"]
[BlackElo "1362"]
[PlyCount "125"]
[EventDate "2022.04.21"]
[EventRounds "9"]

1. e4 {[%emt 0:00:01]} c5 {[%emt 0:00:05]} 2. d4 {[%emt 0:00:09]} cxd4 {
[%emt 0:00:17]} 3. c3 {[%emt 0:00:06]} Nc6 {[%emt 0:00:39]} 4. Nf3 {[%emt 0:00:
25]} e5 {[%emt 0:00:31]} 5. cxd4 {[%emt 0:02:26]} exd4 {[%emt 0:01:31]} 6. Nxd4
{[%emt 0:00:45]} Nf6 {[%emt 0:00:27]} 7. Nc3 {[%emt 0:00:37]} Bb4 {[%emt 0:00:
26]} 8. Nxc6 {[%emt 0:00:50]} bxc6 {[%emt 0:00:23]} 9. Bg5 {[%emt 0:02:46]} h6
{[%emt 0:00:37]} 10. Bxf6 {[%emt 0:01:58]} Qxf6 {[%emt 0:00:36]} 11. Rc1 {
[%emt 0:01:44]} O-O {[%emt 0:00:50]} 12. Bd3 {[%emt 0:00:43]} d5 {[%emt 0:02:
06]} 13. exd5 {[%emt 0:04:34]} cxd5 {[%emt 0:00:30]} 14. O-O {[%emt 0:00:12]}
Bb7 {[%emt 0:01:14]} 15. Qb3 {[%emt 0:04:09]} Bxc3 {[%emt 0:01:18]} 16. bxc3 {
[%emt 0:01:33]} Qc6 {[%emt 0:02:46]} 17. f3 {[%emt 0:03:41]} Rab8 {[%emt 0:02:
04]} 18. Qc2 {[%emt 0:03:39]} Rfe8 {[%emt 0:02:38]} 19. Rfe1 {[%emt 0:06:58]}
Rxe1+ {[%emt 0:02:14]} 20. Rxe1 {[%emt 0:00:04]} Re8 {[%emt 0:00:51]} 21. Rxe8+
{[%emt 0:00:57]} Qxe8 {[%emt 0:00:25]} 22. Kf2 {[%emt 0:00:28]} g6 {[%emt 0:01:
23]} 23. Qe2 {[%emt 0:04:06]} Qd8 {[%emt 0:01:55]} 24. Qe3 {[%emt 0:09:45]} Qb6
{[%emt 0:01:45]} 25. Qxb6 {[%emt 0:03:50]} axb6 {[%emt 0:00:25]} 26. Ke3 {
[%emt 0:00:03]} Kf8 {[%emt 0:00:31]} 27. Kd4 {[%emt 0:00:16]} Ke7 {[%emt 0:01:
06]} 28. f4 {[%emt 0:01:02]} Kd6 {[%emt 0:00:31]} 29. Bb5 {[%emt 0:00:15]} g5 {
[%emt 0:01:31]} 30. fxg5 {[%emt 0:00:44]} hxg5 {[%emt 0:00:32]} 31. Bd3 {
[%emt 0:01:17]} Bc8 {[%emt 0:00:45]} 32. g3 {[%emt 0:01:38]} g4 {[%emt 0:00:54]
} 33. Bb5 {[%emt 0:00:57]} f6 {[%emt 0:02:28]} 34. Be8 {[%emt 0:02:15]} Be6 {
[%emt 0:01:23]} 35. Bg6 {[%emt 0:00:51]} Kc6 {[%emt 0:02:36]} 36. Bd3 {[%emt 0:
01:36]} Kd6 {[%emt 0:00:26]} 37. Be2 {[%emt 0:00:18]} f5 {[%emt 0:00:34]} 38.
Bd3 {[%emt 0:00:43]} Kc6 {[%emt 0:00:49]} 39. Ke5 {[%emt 0:00:12]} Bc8 {
[%emt 0:00:50]} 40. Bxf5 {[%emt 0:00:31]} Bxf5 {[%emt 0:00:21]} 41. Kxf5 {
[%emt 0:00:02]} Kc5 {[%emt 0:00:26]} 42. Ke5 {[%emt 0:00:30]} Kc4 {[%emt 0:00:
56]} 43. Kd6 {[%emt 0:01:05]} Kxc3 {[%emt 0:02:27]} 44. Kxd5 {[%emt 0:00:03]}
b5 {[%emt 0:00:28]} 45. Kc5 {[%emt 0:00:24]} b4 {[%emt 0:01:56]} 46. Kb5 {
[%emt 0:00:05]} b3 {[%emt 0:00:54]} 47. axb3 {[%emt 0:00:08]} Kxb3 {[%emt 0:00:
48]} 48. Kc5 {[%emt 0:00:05]} Kc3 {[%emt 0:00:20]} 49. Kd5 {[%emt 0:00:04]} Kd3
{[%emt 0:00:31]} 50. Ke5 {[%emt 0:00:06]} Ke3 {[%emt 0:00:08]} 51. Kf5 {
[%emt 0:00:04]} Kf3 {[%emt 0:00:22]} 52. Kg5 {[%emt 0:00:04]} Kg2 {[%emt 0:00:
43]} 53. Kxg4 {[%emt 0:00:07]} Kxh2 {[%emt 0:00:25]} 54. Kh4 {[%emt 0:00:09]}
Kg2 {[%emt 0:01:12]} 55. g4 {[%emt 0:00:04]} Kf3 {[%emt 0:00:13]} 56. g5 {
[%emt 0:00:07]} Kf4 {[%emt 0:01:16]} 57. g6 {[%emt 0:00:05]} Kf5 {[%emt 0:00:
06]} 58. g7 {[%emt 0:00:08]} Kg6 {[%emt 0:00:12]} 59. g8=Q+ {[%emt 0:00:14]}
Kh6 {[%emt 0:00:35]} 60. Kg3 {[%emt 0:00:08]} Kh5 {[%emt 0:00:29]} 61. Kf4 {
[%emt 0:01:55]} Kh6 {[%emt 0:01:17]} 62. Kf5 {[%emt 0:00:07]} Kh5 {[%emt 0:00:
59]} 63. Qh8# {[%emt 0:00:08]} 1-0

[Event "European School Championships"]
[Site "Rhodes, Greece"]
[Date "2022.04.23"]
[Round "3.6"]
[White "Ward, Cian"]
[Black "Migalko, Dmitriy"]
[Result "0-1"]
[WhiteElo "1367"]
[BlackElo "1694"]
[PlyCount "54"]
[EventDate "2022.04.21"]
[EventRounds "9"]

1. e4 {[%emt 0:17:09]} c5 {[%emt 0:00:09]} 2. c3 {[%emt 0:00:03]} e6 {[%emt 0:
02:52]} 3. d4 {[%emt 0:00:04]} d5 {[%emt 0:00:05]} 4. exd5 {[%emt 0:00:05]}
exd5 {[%emt 0:00:27]} 5. Nf3 {[%emt 0:00:20]} Nc6 {[%emt 0:00:36]} 6. Bb5 {
[%emt 0:00:08]} Nf6 {[%emt 0:00:36]} 7. O-O {[%emt 0:00:41]} Be7 {[%emt 0:00:
20]} 8. dxc5 {[%emt 0:00:20]} O-O {[%emt 0:01:51]} 9. Be3 {[%emt 0:00:20]} Ne4
{[%emt 0:06:55]} 10. Bxc6 {[%emt 0:00:21]} bxc6 {[%emt 0:00:13]} 11. Nd4 {
[%emt 0:00:22]} Qc7 {[%emt 0:01:05]} 12. b4 {[%emt 0:00:30]} a5 {[%emt 0:02:54]
} 13. a3 {[%emt 0:02:56]} Bd7 {[%emt 0:15:14]} 14. Nb3 {[%emt 0:01:33]} axb4 {
[%emt 0:06:25]} 15. cxb4 {[%emt 0:00:20]} Bf6 {[%emt 0:00:33]} 16. Bd4 {
[%emt 0:00:50]} Be5 {[%emt 0:01:25]} 17. Bxe5 {[%emt 0:00:24]} Qxe5 {[%emt 0:
00:10]} 18. Qd4 {[%emt 0:01:05]} Qg5 {[%emt 0:03:14]} 19. Kh1 {[%emt 0:04:54]}
Qh5 {[%emt 0:08:45]} 20. N1d2 {[%emt 0:03:22]} Rae8 {[%emt 0:01:33]} 21. Rae1 {
[%emt 0:02:37]} f5 {[%emt 0:00:37]} 22. Nf3 {[%emt 0:01:45]} Rf6 {[%emt 0:06:
47]} 23. Nbd2 {[%emt 0:04:48]} Rh6 {[%emt 0:09:09]} 24. Rg1 {[%emt 0:11:44]} g5
{[%emt 0:06:44]} 25. Nf1 {[%emt 0:00:46]} g4 {[%emt 0:03:32]} 26. Ne5 {[%emt 0:
01:35]} g3 {[%emt 0:00:59]} 27. h3 {[%emt 0:06:34]} Nxf2+ {[%emt 0:00:45]} 0-1

[Event "European School Championships"]
[Site "Rhodes, Greece"]
[Date "2022.04.24"]
[Round "4.1"]
[White "Erdogmus, Yagiz Kaan"]
[Black "Gabadadze, Gabriel"]
[Result "1-0"]
[WhiteElo "2358"]
[BlackElo "1507"]
[PlyCount "71"]
[EventDate "2022.04.21"]
[EventRounds "9"]

1. d4 Nf6 {[%emt 0:00:04]} 2. Nf3 {[%emt 0:00:33]} e6 {[%emt 0:00:10]} 3. c4 {
[%emt 0:00:08]} b6 {[%emt 0:00:04]} 4. a3 {[%emt 0:00:05]} Bb7 {[%emt 0:00:03]}
5. Nc3 {[%emt 0:00:08]} Be7 {[%emt 0:00:10]} 6. d5 {[%emt 0:00:08]} d6 {
[%emt 0:01:22]} 7. e4 {[%emt 0:00:40]} e5 {[%emt 0:01:04]} 8. Bd3 {[%emt 0:00:
20]} a5 {[%emt 0:00:58]} 9. Be3 {[%emt 0:02:50]} Ng4 {[%emt 0:00:56]} 10. Bd2 {
[%emt 0:00:27]} Na6 {[%emt 0:01:47]} 11. O-O {[%emt 0:03:00]} O-O {[%emt 0:00:
38]} 12. Rb1 {[%emt 0:01:27]} h6 {[%emt 0:08:41]} 13. b4 {[%emt 0:00:37]} Bc8 {
[%emt 0:00:51]} 14. h3 {[%emt 0:16:52]} Nf6 {[%emt 0:00:33]} 15. Be3 {[%emt 0:
00:02]} Nd7 {[%emt 0:05:50]} 16. Bc2 {[%emt 0:01:45]} axb4 {[%emt 0:02:52]} 17.
axb4 {[%emt 0:00:02]} Rb8 {[%emt 0:02:43]} 18. Ba4 {[%emt 0:09:19]} Bb7 {
[%emt 0:01:26]} 19. Bc6 {[%emt 0:01:18]} Qc8 {[%emt 0:01:50]} 20. Qa4 {[%emt 0:
00:37]} Rd8 {[%emt 0:01:45]} 21. Ra1 {[%emt 0:09:38]} Ra8 {[%emt 0:02:21]} 22.
Bxb7 {[%emt 0:03:26]} Qxb7 {[%emt 0:00:16]} 23. Qc6 {[%emt 0:00:06]} Qc8 {
[%emt 0:08:10]} 24. Ra4 {[%emt 0:00:14]} Ra7 {[%emt 0:03:25]} 25. Nb5 {[%emt 0:
01:05]} Ra8 {[%emt 0:04:44]} 26. Rfa1 {[%emt 0:00:31]} Rf8 {[%emt 0:06:53]} 27.
R4a3 {[%emt 0:14:29]} Rd8 {[%emt 0:02:38]} 28. Nc3 {[%emt 0:00:20]} Ra7 {
[%emt 0:02:02]} 29. Qa4 {[%emt 0:00:20]} f5 {[%emt 0:09:54]} 30. exf5 {[%emt 0:
01:31]} Bf6 {[%emt 0:03:54]} 31. b5 {[%emt 0:00:46]} e4 {[%emt 0:00:47]} 32.
Nd4 {[%emt 0:00:48]} Ndc5 33. Qd1 {[%emt 0:00:02]} Bxd4 {[%emt 0:01:06]} 34.
Bxd4 {[%emt 0:00:18]} Qxf5 {[%emt 0:00:25]} 35. bxa6 {[%emt 0:00:07]} Nd3 {
[%emt 0:00:33]} 36. Qg4 {[%emt 0:00:16]} 1-0

[Event "European School Championships"]
[Site "Rhodes, Greece"]
[Date "2022.04.24"]
[Round "4.2"]
[White "Migalko, Dmitriy"]
[Black "Celik, Ali Alper"]
[Result "0-1"]
[WhiteElo "1694"]
[BlackElo "1534"]
[PlyCount "92"]
[EventDate "2022.04.21"]
[EventRounds "9"]

1. e4 {[%emt 0:00:01]} c5 {[%emt 0:00:10]} 2. d4 {[%emt 0:00:04]} cxd4 {
[%emt 0:00:26]} 3. c3 {[%emt 0:00:06]} dxc3 {[%emt 0:00:41]} 4. Nxc3 {[%emt 0:
00:08]} Nc6 {[%emt 0:00:27]} 5. Bc4 {[%emt 0:00:23]} e6 {[%emt 0:00:14]} 6. Nf3
{[%emt 0:00:18]} d6 {[%emt 0:01:08]} 7. Bf4 {[%emt 0:00:35]} a6 {[%emt 0:00:44]
} 8. O-O {[%emt 0:00:46]} Nf6 {[%emt 0:00:31]} 9. Qe2 {[%emt 0:00:28]} e5 {
[%emt 0:08:20]} 10. Bg3 {[%emt 0:02:19]} Bg4 {[%emt 0:01:12]} 11. Qe3 {[%emt 0:
10:46]} Be7 {[%emt 0:04:12]} 12. Ng5 {[%emt 0:04:28]} O-O {[%emt 0:00:23]} 13.
h3 {[%emt 0:00:22]} Bd7 {[%emt 0:00:52]} 14. f4 {[%emt 0:04:14]} Rc8 {[%emt 0:
07:05]} 15. Bb3 {[%emt 0:11:17]} Be8 {[%emt 0:14:06]} 16. Nf3 {[%emt 0:10:56]}
Qa5 {[%emt 0:04:08]} 17. f5 {[%emt 0:10:33]} d5 {[%emt 0:18:10]} 18. Qe2 {
[%emt 0:04:21]} dxe4 {[%emt 0:06:25]} 19. Nxe4 {[%emt 0:00:33]} Bd7 {[%emt 0:
03:43]} 20. Nxf6+ {[%emt 0:01:11]} Bxf6 {[%emt 0:00:05]} 21. Bh4 {[%emt 0:00:
21]} Bxh4 {[%emt 0:02:23]} 22. Nxh4 {[%emt 0:00:06]} Nd4 {[%emt 0:02:35]} 23.
Qh5 {[%emt 0:03:26]} Nxb3 {[%emt 0:01:24]} 24. axb3 {[%emt 0:00:49]} Qc5+ {
[%emt 0:00:11]} 25. Kh1 {[%emt 0:00:27]} f6 {[%emt 0:00:25]} 26. Rf3 {[%emt 0:
01:34]} Bc6 {[%emt 0:04:17]} 27. Rg3 {[%emt 0:01:35]} Qf2 {[%emt 0:00:25]} 28.
Qg4 {[%emt 0:00:20]} Rf7 {[%emt 0:00:44]} 29. Nf3 {[%emt 0:00:46]} Bxf3 {
[%emt 0:01:21]} 30. Rxf3 {[%emt 0:01:19]} Qxb2 {[%emt 0:00:10]} 31. Rd1 {
[%emt 0:00:07]} Qe2 {[%emt 0:00:51]} 32. Rc3 {[%emt 0:00:22]} Qxd1+ {[%emt 0:
02:26]} 33. Qxd1 {[%emt 0:00:05]} Rxc3 {[%emt 0:00:09]} 34. Qd8+ {[%emt 0:00:
05]} Rf8 {[%emt 0:00:11]} 35. Qd5+ {[%emt 0:00:04]} Kh8 {[%emt 0:00:12]} 36.
Qxb7 {[%emt 0:00:06]} Re8 {[%emt 0:00:41]} 37. Qxa6 {[%emt 0:00:13]} Rxb3 {
[%emt 0:00:07]} 38. Qa2 {[%emt 0:00:28]} Rbb8 {[%emt 0:00:15]} 39. Kh2 {
[%emt 0:00:30]} e4 {[%emt 0:00:07]} 40. Kg3 {[%emt 0:00:31]} e3 {[%emt 0:00:09]
} 41. Qe2 {[%emt 0:00:15]} Rb2 {[%emt 0:01:47]} 42. Qe1 {[%emt 0:00:29]} e2 {
[%emt 0:00:08]} 43. Kf2 {[%emt 0:00:04]} Rbb8 {[%emt 0:00:08]} 44. Kf3 {
[%emt 0:00:36]} Rbd8 {[%emt 0:00:08]} 45. Qh4 {[%emt 0:01:46]} Rd3+ {[%emt 0:
00:17]} 46. Kf4 {[%emt 0:00:24]} Rd4+ {[%emt 0:00:08]} 0-1

[Event "European School Championships"]
[Site "Rhodes, Greece"]
[Date "2022.04.24"]
[Round "4.3"]
[White "Rutkowski, Feliks"]
[Black "Kuru, Atilla"]
[Result "0-1"]
[WhiteElo "1300"]
[BlackElo "2029"]
[PlyCount "60"]
[EventDate "2022.04.21"]
[EventRounds "9"]

1. e4 {[%emt 0:00:02]} e6 {[%emt 0:00:01]} 2. d4 {[%emt 0:00:08]} d5 {[%emt 0:
00:05]} 3. e5 {[%emt 0:00:03]} c5 {[%emt 0:00:03]} 4. c3 {[%emt 0:00:05]} Qb6 {
[%emt 0:00:02]} 5. Nf3 {[%emt 0:00:07]} Nc6 {[%emt 0:00:02]} 6. a3 {[%emt 0:00:
08]} Nh6 {[%emt 0:00:04]} 7. Bd3 {[%emt 0:00:33]} cxd4 {[%emt 0:00:09]} 8. cxd4
{[%emt 0:00:08]} Bd7 {[%emt 0:00:03]} 9. Bc2 {[%emt 0:00:17]} Nf5 {[%emt 0:00:
08]} 10. Bxf5 {[%emt 0:00:43]} exf5 {[%emt 0:00:02]} 11. Nc3 {[%emt 0:00:22]}
Be6 {[%emt 0:00:01]} 12. O-O {[%emt 0:00:38]} h6 {[%emt 0:00:04]} 13. h4 {
[%emt 0:01:39]} Be7 {[%emt 0:00:06]} 14. b4 {[%emt 0:01:08]} O-O-O {[%emt 0:03:
22]} 15. Na4 {[%emt 0:09:52]} Qc7 {[%emt 0:00:31]} 16. Nc5 {[%emt 0:09:24]}
Rdg8 {[%emt 0:00:16]} 17. Bb2 {[%emt 0:04:04]} Bxc5 {[%emt 0:02:35]} 18. bxc5 {
[%emt 0:06:33]} g5 {[%emt 0:00:09]} 19. h5 {[%emt 0:01:00]} f4 {[%emt 0:00:17]}
20. Nd2 {[%emt 0:01:58]} Qd7 {[%emt 0:00:39]} 21. Qa4 {[%emt 0:15:57]} Bg4 {
[%emt 0:01:28]} 22. Rab1 {[%emt 0:08:44]} Bxh5 {[%emt 0:00:11]} 23. Bc3 {
[%emt 0:01:25]} f3 {[%emt 0:00:12]} 24. Nxf3 {[%emt 0:00:20]} Bxf3 {[%emt 0:00:
02]} 25. gxf3 {[%emt 0:00:14]} g4 {[%emt 0:00:02]} 26. f4 {[%emt 0:00:18]} g3 {
[%emt 0:00:02]} 27. fxg3 {[%emt 0:06:20]} Rxg3+ {[%emt 0:00:03]} 28. Kf2 {
[%emt 0:00:15]} Qg4 {[%emt 0:00:21]} 29. Qd1 {[%emt 0:02:14]} Qxf4+ {[%emt 0:
00:44]} 30. Ke1 {[%emt 0:00:38]} Qe4+ {[%emt 0:00:02]} 0-1

[Event "European School Championships"]
[Site "Rhodes, Greece"]
[Date "2022.04.24"]
[Round "4.6"]
[White "Tatvidze, Davit"]
[Black "Grose, Kameron"]
[Result "1/2-1/2"]
[WhiteElo "1440"]
[BlackElo "1681"]
[PlyCount "88"]
[EventDate "2022.04.21"]
[EventRounds "9"]

1. c4 {[%emt 0:00:01]} e5 {[%emt 0:00:40]} 2. Nc3 {[%emt 0:00:05]} Nf6 {
[%emt 0:00:31]} 3. g3 {[%emt 0:00:04]} Nc6 {[%emt 0:00:51]} 4. Bg2 {[%emt 0:00:
07]} Bb4 {[%emt 0:00:16]} 5. d3 {[%emt 0:00:52]} O-O {[%emt 0:00:12]} 6. e4 {
[%emt 0:00:25]} d6 {[%emt 0:00:25]} 7. Nge2 {[%emt 0:00:08]} Bg4 {[%emt 0:00:
13]} 8. f3 {[%emt 0:00:16]} Be6 {[%emt 0:00:42]} 9. O-O {[%emt 0:00:26]} Qd7 {
[%emt 0:01:40]} 10. Nd5 {[%emt 0:00:57]} Bc5+ {[%emt 0:00:28]} 11. Kh1 {
[%emt 0:00:12]} Bxd5 {[%emt 0:00:30]} 12. cxd5 {[%emt 0:02:26]} Nd4 {[%emt 0:
00:45]} 13. g4 {[%emt 0:01:48]} Nxe2 {[%emt 0:00:43]} 14. Qxe2 {[%emt 0:00:12]}
c6 {[%emt 0:01:28]} 15. dxc6 {[%emt 0:00:33]} bxc6 {[%emt 0:01:05]} 16. Bg5 {
[%emt 0:01:14]} Ne8 {[%emt 0:00:56]} 17. h4 {[%emt 0:00:26]} f6 {[%emt 0:01:05]
} 18. Bd2 {[%emt 0:00:56]} d5 {[%emt 0:00:38]} 19. f4 {[%emt 0:01:38]} exf4 {
[%emt 0:03:43]} 20. exd5 {[%emt 0:01:33]} cxd5 {[%emt 0:01:32]} 21. d4 {
[%emt 0:01:41]} Bb6 {[%emt 0:02:21]} 22. Bxf4 {[%emt 0:04:23]} Nc7 {[%emt 0:02:
19]} 23. Qf3 {[%emt 0:02:14]} Rad8 {[%emt 0:01:25]} 24. Rfd1 {[%emt 0:03:34]}
Ne6 {[%emt 0:00:44]} 25. Be3 {[%emt 0:00:11]} Qd6 {[%emt 0:01:45]} 26. Bg1 {
[%emt 0:01:13]} Bc7 {[%emt 0:03:31]} 27. Rac1 {[%emt 0:00:51]} Rd7 {[%emt 0:02:
47]} 28. Re1 {[%emt 0:05:54]} Nxd4 {[%emt 0:19:03]} 29. Qd3 {[%emt 0:05:34]}
Ne6 {[%emt 0:02:30]} 30. Rxe6 {[%emt 0:00:47]} Qxe6 {[%emt 0:01:45]} 31. Rxc7 {
[%emt 0:00:13]} Rfd8 {[%emt 0:03:03]} 32. Rxd7 {[%emt 0:01:59]} Qxd7 {[%emt 0:
01:22]} 33. Qd4 {[%emt 0:00:19]} h6 {[%emt 0:04:03]} 34. b4 {[%emt 0:03:53]}
Qb5 {[%emt 0:00:38]} 35. Qxa7 {[%emt 0:27:17]} Qxb4 {[%emt 0:03:54]} 36. Bxd5+
{[%emt 0:00:19]} Kh8 {[%emt 0:00:11]} 37. Bf3 {[%emt 0:00:26]} Qe1 {[%emt 0:00:
33]} 38. Qf2 {[%emt 0:07:38]} Qxf2 {[%emt 0:00:18]} 39. Bxf2 {[%emt 0:00:04]}
Rd2 {[%emt 0:00:10]} 40. Kg2 {[%emt 0:00:05]} Rxa2 {[%emt 0:00:08]} 41. Kg3 {
[%emt 0:00:04]} g5 {[%emt 0:00:34]} 42. hxg5 {[%emt 0:00:36]} hxg5 {[%emt 0:00:
16]} 43. Be4 {[%emt 0:00:21]} Ra3+ {[%emt 0:00:15]} 44. Kg2 {[%emt 0:00:08]}
Kg7 {[%emt 0:00:12]} 1/2-1/2

[Event "European School Championships"]
[Site "Rhodes, Greece"]
[Date "2022.04.25"]
[Round "5.1"]
[White "Celik, Ali Alper"]
[Black "Erdogmus, Yagiz Kaan"]
[Result "0-1"]
[WhiteElo "1534"]
[BlackElo "2358"]
[PlyCount "64"]
[EventDate "2022.04.21"]
[EventRounds "9"]

1. e4 {[%emt 0:00:04]} c5 {[%emt 0:00:12]} 2. Nc3 {[%emt 0:00:07]} e6 {[%emt 0:
00:19]} 3. Nge2 {[%emt 0:00:09]} Nc6 {[%emt 0:00:35]} 4. g3 {[%emt 0:00:07]} d5
{[%emt 0:01:19]} 5. exd5 {[%emt 0:00:36]} exd5 {[%emt 0:00:13]} 6. Bg2 {
[%emt 0:00:04]} Nf6 {[%emt 0:02:05]} 7. d4 {[%emt 0:00:37]} cxd4 {[%emt 0:00:
26]} 8. Nxd4 {[%emt 0:00:13]} Bg4 {[%emt 0:00:21]} 9. Nxc6 {[%emt 0:03:00]}
bxc6 {[%emt 0:00:25]} 10. Qd4 {[%emt 0:01:46]} Be7 {[%emt 0:11:03]} 11. O-O {
[%emt 0:02:09]} O-O {[%emt 0:02:25]} 12. Bf4 {[%emt 0:07:34]} Be6 {[%emt 0:13:
05]} 13. Rad1 {[%emt 0:04:55]} Nd7 {[%emt 0:07:25]} 14. Rfe1 {[%emt 0:05:57]}
Bc5 {[%emt 0:11:00]} 15. Qa4 {[%emt 0:00:40]} Qb6 {[%emt 0:00:49]} 16. Be3 {
[%emt 0:05:36]} Qxb2 {[%emt 0:06:15]} 17. Bxc5 {[%emt 0:01:43]} Nxc5 {[%emt 0:
00:20]} 18. Qd4 {[%emt 0:00:20]} Qa3 {[%emt 0:02:14]} 19. Nb1 {[%emt 0:16:22]}
Qa5 {[%emt 0:00:09]} 20. c4 {[%emt 0:00:16]} dxc4 {[%emt 0:05:16]} 21. Bxc6 {
[%emt 0:06:51]} Rad8 {[%emt 0:00:29]} 22. Qe3 {[%emt 0:01:20]} Nd3 {[%emt 0:03:
58]} 23. Re2 {[%emt 0:01:49]} Nb4 {[%emt 0:08:31]} 24. Rxd8 {[%emt 0:01:28]}
Rxd8 {[%emt 0:00:10]} 25. Be4 {[%emt 0:00:58]} Nxa2 {[%emt 0:08:24]} 26. Bc2 {
[%emt 0:06:17]} Nb4 {[%emt 0:00:49]} 27. Be4 {[%emt 0:01:31]} Rd1+ {[%emt 0:01:
40]} 28. Kg2 {[%emt 0:00:07]} Qh5 {[%emt 0:01:16]} 29. h4 {[%emt 0:01:02]} Qg4
{[%emt 0:02:18]} 30. Re1 {[%emt 0:02:16]} Rxe1 {[%emt 0:00:13]} 31. Qxe1 Qxe4+
{[%emt 0:00:05]} 32. Kf1 {[%emt 0:00:06]} Qh1+ {[%emt 0:00:02]} 0-1

[Event "European School Championships"]
[Site "Rhodes, Greece"]
[Date "2022.04.25"]
[Round "5.2"]
[White "Kuru, Atilla"]
[Black "Murawski, Jan"]
[Result "0-1"]
[WhiteElo "2029"]
[BlackElo "1439"]
[PlyCount "74"]
[EventDate "2022.04.21"]
[EventRounds "9"]

1. c4 c5 {[%emt 0:00:09]} 2. Nc3 {[%emt 0:00:05]} Nc6 {[%emt 0:00:05]} 3. g3 {
[%emt 0:00:04]} g6 {[%emt 0:00:05]} 4. Bg2 {[%emt 0:00:04]} Bg7 {[%emt 0:00:05]
} 5. d3 {[%emt 0:00:06]} e6 {[%emt 0:00:06]} 6. e4 {[%emt 0:00:05]} Nge7 {
[%emt 0:00:06]} 7. Nge2 {[%emt 0:00:05]} O-O {[%emt 0:00:26]} 8. O-O {[%emt 0:
00:05]} b6 {[%emt 0:00:20]} 9. Be3 {[%emt 0:00:07]} Bb7 {[%emt 0:00:07]} 10. d4
{[%emt 0:00:33]} cxd4 {[%emt 0:00:18]} 11. Nxd4 {[%emt 0:00:02]} Rc8 {[%emt 0:
02:33]} 12. Ndb5 {[%emt 0:01:12]} Ne5 {[%emt 0:14:23]} 13. b3 {[%emt 0:02:16]}
d5 {[%emt 0:18:48]} 14. exd5 {[%emt 0:02:09]} a6 {[%emt 0:02:47]} 15. Na3 {
[%emt 0:01:43]} Nxc4 {[%emt 0:02:18]} 16. Nxc4 {[%emt 0:00:12]} Bxc3 {[%emt 0:
12:55]} 17. Rc1 {[%emt 0:00:07]} Nxd5 {[%emt 0:00:45]} 18. Bxb6 {[%emt 0:07:51]
} Nxb6 {[%emt 0:08:51]} 19. Bxb7 {[%emt 0:01:38]} Rb8 {[%emt 0:00:40]} 20. Bxa6
{[%emt 0:02:11]} Qxd1 {[%emt 0:00:38]} 21. Rfxd1 Nd5 {[%emt 0:00:14]} 22. Rxd5
{[%emt 0:01:57]} exd5 {[%emt 0:00:19]} 23. Rxc3 {[%emt 0:00:04]} dxc4 {[%emt 0:
00:06]} 24. Bxc4 {[%emt 0:00:05]} Rbd8 {[%emt 0:01:02]} 25. a4 Rd2 {[%emt 0:00:
35]} 26. a5 {[%emt 0:00:41]} Rfd8 {[%emt 0:00:28]} 27. a6 {[%emt 0:00:23]} Rb2
{[%emt 0:00:34]} 28. Rf3 {[%emt 0:00:18]} Rd7 {[%emt 0:00:47]} 29. Rf6 {
[%emt 0:00:10]} g5 {[%emt 0:00:20]} 30. Rb6 {[%emt 0:00:25]} g4 {[%emt 0:00:08]
} 31. Rb7 {[%emt 0:00:16]} Rd1+ {[%emt 0:00:06]} 32. Kg2 {[%emt 0:00:04]} Rbb1
{[%emt 0:00:07]} 33. Bf1 {[%emt 0:01:04]} Rxf1 {[%emt 0:00:08]} 34. f4 {
[%emt 0:00:32]} gxf3+ {[%emt 0:00:07]} 35. Kh3 {[%emt 0:00:04]} Ra1 {[%emt 0:
00:11]} 36. a7 {[%emt 0:00:05]} Kg7 {[%emt 0:00:07]} 37. b4 {[%emt 0:00:06]}
Rfb1 {[%emt 0:00:09]} 0-1